| 000 | 01695nam a2200229Ia 4500 | ||
|---|---|---|---|
| 003 | Ost | ||
| 005 | 20260507075557.0 | ||
| 008 | 260507s9999||||xx |||||||||||||| ||und|| | ||
| 040 | _cfsecg | ||
| 041 | _aara | ||
| 082 | _a330 | ||
| 100 |
_aرشوان، حسين عبد الحميد احمد _eمؤلف |
||
| 245 | 0 |
_aالتخطيط الحضرى : _bدراسة في علم الاجتماع / _c حسين عبد الحميد احمد رشوان |
|
| 260 |
_aالاسكندرية: _bمركز الاسكندرية للكتاب, _c2005 |
||
| 300 |
_a199 صفحة؛ _bإيضاحات ؛ _c24 سم |
||
| 504 | _aمراجع ص.194 | ||
| 520 | _aالتخطيط و الطابع المعماري( التحضر) و كذا التخطيط الحضري و انماطه و مراحله عبر التاريخ اضافة الى نظريات تخطيط المدن, التخطيط الحضري اهدافه و مبادئه, اجراءات تخطيط المدن, السلطة السياسية(الادارة) و التراث التاريخي و العوامل الجغرافية و الارض و استخداماتها, كذلك ساحات المدينة و السكان و الاسكان, التخطيط للاسواق و الخدمات و الترويج, التخطيط للنقل و المواصلات, التخطيط للامداد بالمياه- الصرف الصحي -الامداد بالكهرباء و التليفونات, المناطق المتخلفة- القمامة - الضواحي و في الاخير الصعوبات المتصلة بالتخطيط الحضري. | ||
| 653 | _aالتخطيط | ||
| 653 | _aالمدن - تخطيط | ||
| 653 | _aعلم الاجتماع | ||
| 942 | _cكتاب | ||
| 999 |
_c44971 _d44971 |
||